000 00234nam a2200121Ia 4500
100 _a#N/A
942 _cBK
245 _aOracle for professionals - The X TEAM
260 _b#N/A
082 _b21547
546 _aENGLISH
999 _c31965
_d31965